LEADER 01464nam a2200349 u 4500 001 000000066739 003 CaOOAMICUS 005 20070226121617.0 008 020123s1984 gw u000 u ger u 020 $a3170083546 (v.1) 020 $a3170083554 (v.2) 035 $a10917700 040 $aPUL(R)$bita 245 14$aDie alte Kirche /$cMartin Greschat (Hrsg.) 260 $aStuttgart :$bW. Kohlhammer,$cc1984. 300 $a2 v. ;$c24 cm 490 1 $aGestalten der Kirchengeschichte ;$vBd. 1-2 500 $aComprende indice. 504 $aBibliografia in nota. 650 4$aPatristica.$0(OLS)http://pul/subject/538 700 1 $aGreschat, Martin,$d1934-2017.$0(OLS)http://pul/name/35349 830 0$aGestalten der Kirchengeschichte ;$vBd. 1-2.$0(OLS)http://pul/title/88579 850 $aPUL 852 $aPUL$W1$xSL Filosofia 1$y2$m105(1) F 1-2$j86311$nBK-PRI$b $qStampati$B86311$CPULBib$Z2$F86311 $H $81 852 $aPUL$W1$xSL Filosofia 1$y2$m105(1) F 1-2$j86311$nBK-PRI$b $qStampati$B86312$CPULBib$Z2$F86312 $H $81 941 1 $a8 961 $aINV: 53281 - 53282 961 $aINV: 53281 - 53282 996 $6020$a3170083546 (v.1)$9(OLS)http://pul/number/86570 996 $6020$a3170083554 (v.2)$9(OLS)http://pul/number/86571 996 $6245$aDie alte Kirche$9(OLS)http://pul/title/88585 996 $6260$aStuttgart :$bW. Kohlhammer$9(OLS)http://pul/publisher/48214 LEADER 01484nam a2200289 u 4500 001 000000044211 003 CaOOAMICUS 005 20070226114526.0 008 990422n it u000 u ita u 035 $a10820942 040 $aPUL(R)$bita 245 03$aLa predicazione oggi in Italia e il comunismo ateo :$batti del convegno nazionale per sacerdoti organizzato in Salerno da "Temi di predicazione". 260 $aNapoli :$bEdizioni Domenicane italiane,$c[s.d.] 300 $a343p. ;$c25 cm 650 4$aCristianesimo e ateismo.$0(OLS)http://pul/subject/407 650 4$aCattolicesimo e comunismo.$0(OLS)http://pul/subject/5614 650 4$aPredicazione.$0(OLS)http://pul/subject/7064 711 2 $aConvegno nazionale per sacerdoti$d(1963 :$cSalerno).$0(OLS)http://pul/name/32335 850 $aPUL 852 $aPUL$W1$xDP1 Cons. Gen., Altre Classi 1$y22$m45 I 24$j59550$nBK-PRI$b $qStampati$B59550$CPULBib$Z2$F59550 $H $81 852 $aPUL$W1$xDP1 Fondo Pastorale$y55$mP7 A 38$j59551$nBK-PRI$b $qFondi$B59551$CPULBib$Z2$F59551 $H $81 941 1 $a8 941 1 $a1 960 $aOmelie$97064 960 $aOmelie$97064 996 $6245$aLa predicazione oggi in Italia e il comunismo ateo :$batti del convegno nazionale per sacerdoti organizzato in Salerno da "Temi di predicazione"$9(OLS)http://pul/title/59630 996 $6260$aNapoli :$bEdizioni Domenicane italiane$9(OLS)http://pul/publisher/50961